Państwa z największą sprzedażą muzyki - Statystyki

Ogólne statystyki
  • Ten quiz został rozwiązany 27 razy
  • Średni wynik to 13 z 15
Statystyki odpowiedzi
Państwo % Poprawnych
5. Francja
100%
4. Niemcy
100%
1. Stany Zjednoczone
100%
14. Hiszpania
96%
2. Japonia
96%
6. Kanada
96%
8. Włochy
96%
15. Chiny
88%
10. Korea Południowa
88%
3. Wielka Brytania
88%
9. Brazylia
84%
13. Meksyk
84%
7. Australia
80%
11. Holandia
72%
12. Szwecja
72%
Nie znaleziono quizów pasujących do podanych kryteriów
Rozkład punktacji
Procent ludzi z każdym wynikiem
Percentyl według liczby udzielonych odpowiedzi
Twoja historia wyników
Nie rozwiązałeś tego quizu